[Event "Online Olym Div3 B 2020"]
[Site "chess.com INT"]
[Date "2020.07.09"]
[Round "7.3"]
[Board "6"]
[White "Dorozhkina, Mariya"]
[Black "Tharushi, T H D Niklesha"]
[Result "1-0"]
[WhiteTitle "WFM"]
[BlackTitle "WCM"]
[WhiteElo "1705"]
[BlackElo "1632"]
[WhiteTeam "IPCA"]
[BlackTeam "Sri Lanka"]
[WhiteFideId "54132185"]
[BlackFideId "9918264"]
[EventDate "2020.07.07"]
[EventType "team"]

1. d4 Nf6 2. c4 e6 3. Nf3 Bb4+ 4. Bd2 Qe7 5. g3 Bxd2+ 6. Qxd2 Nc6 7. Bg2 d5 8.
O-O O-O 9. b3 Ne4 10. Qb2 f5 11. Nc3 dxc4 12. bxc4 Nd6 13. c5 Nc4 14. Qb5 N6a5
15. Ne5 a6 16. Qb4 Nxe5 17. Qxa5 Nc6 18. Qa4 Bd7 19. d5 Nd8 20. c6 bxc6 21. dxc6
Be8 22. Rac1 Kh8 23. e3 Rf6 24. Ne2 Nf7 25. Nd4 Nd6 26. Qa3 Qf8 27. Nb3 e5 28.
Na5 e4 29. Nb7 h6 30. Rfd1 Bh5 31. Rd2 Bf7 32. Nxd6 Rxd6 33. Rxd6 Qxd6 34. Qxd6
cxd6 35. c7 Rc8 36. Bf1 Bxa2 37. Bxa6 Be6 38. Bxc8 Bxc8 39. Rb1 Kg8 40. Rb8 Kf7
41. Rxc8 Ke7 42. Rh8 d5 43. c8=Q d4 44. Qd8+ Kf7 45. Rf8+ Kg6 46. Qe8+ Kh7 47.
Rh8# 1-0

[Event "Online Olym Div3 B 2020"]
[Site "chess.com INT"]
[Date "2020.07.09"]
[Round "7.4"]
[Board "1"]
[White "Khusenkhojaev, Muhammad"]
[Black "Omar, Noaman"]
[Result "0-1"]
[WhiteTitle "IM"]
[BlackTitle "IM"]
[WhiteElo "2399"]
[BlackElo "2367"]
[WhiteTeam "Tajikistan"]
[BlackTeam "United Arab Emirates"]
[WhiteFideId "14700247"]
[BlackFideId "9300244"]
[EventDate "2020.07.07"]
[EventType "team"]

1. Nf3 d5 2. d4 Nf6 3. c4 e6 4. g3 dxc4 5. Bg2 c5 6. O-O Nc6 7. dxc5 Qxd1 8.
Rxd1 Bxc5 9. Nbd2 c3 10. bxc3 O-O 11. Nb3 Be7 12. c4 Bd7 13. Be3 Rad8 14. Nfd4
Nxd4 15. Nxd4 Ba4 16. Rd3 b6 17. Nc6 Bxc6 18. Bxc6 Rc8 19. Bb5 Bc5 20. Bxc5 Rxc5
21. a4 a5 22. Rd6 Rb8 23. Rad1 Rcc8 24. Ba6 Ne4 25. Bxc8 Nxd6 26. Bxe6 Ne4 27.
Bg4 Nc5 28. Ra1 Rd8 29. Bf3 Rd2 30. Kf1 Rc2 31. Bd5 Kf8 32. Ra3 Rc1+ 33. Kg2 f6
34. h4 Ke7 35. Kf3 Kd6 36. Bg8 h6 37. h5 Nd7 38. Ke4 Rh1 39. g4 Re1 40. e3 Rb1
41. Kf5 Ke7 42. Rb3 Rxb3 0-1

[Event "Online Olym Div3 B 2020"]
[Site "chess.com INT"]
[Date "2020.07.09"]
[Round "7.4"]
[Board "2"]
[White "Sultan, Ibrahim"]
[Black "Karimov, Alisher"]
[Result "0-1"]
[WhiteTitle "IM"]
[BlackTitle "FM"]
[WhiteElo "2076"]
[BlackElo "2222"]
[WhiteTeam "United Arab Emirates"]
[BlackTeam "Tajikistan"]
[WhiteFideId "9301143"]
[BlackFideId "14700280"]
[EventDate "2020.07.07"]
[EventType "team"]

1. d4 e6 2. Nf3 b6 3. g3 Bb7 4. Bg2 Nf6 5. O-O Be7 6. c4 O-O 7. Nc3 Ne4 8. Qc2
Nxc3 9. Qxc3 d6 10. Qd3 f5 11. d5 e5 12. e4 fxe4 13. Qxe4 Nd7 14. Qc2 a5 15. Bd2
Nc5 16. Rae1 Bc8 17. Bc3 Bf5 18. Qd2 Bd3 19. b3 Bxf1 20. Kxf1 Qd7 21. Re2 Qf5
22. Ng1 Bg5 23. Qd1 Rf7 24. Bh3 Qg6 25. Kg2 Raf8 26. f3 Kh8 27. Bg4 h5 28. Bh3
Bh6 29. a3 Nd3 30. Kh1 Be3 31. Be1 Bxg1 32. Kxg1 Nf4 33. Bf1 Nxe2+ 34. Bxe2 e4
35. f4 Rxf4 36. Bd2 Rf2 37. Be3 Rxe2 38. Qxe2 Qg4 39. Qe1 h4 40. Kg2 h3+ 41. Kg1
Qf3 0-1

[Event "Online Olym Div3 B 2020"]
[Site "chess.com INT"]
[Date "2020.07.09"]
[Round "7.4"]
[Board "3"]
[White "Antonova, Nadezhda"]
[Black "Almaini, Aishah Sarhan"]
[Result "1-0"]
[WhiteTitle "WFM"]
[WhiteElo "1877"]
[BlackElo "1607"]
[WhiteTeam "Tajikistan"]
[BlackTeam "United Arab Emirates"]
[WhiteFideId "14700182"]
[BlackFideId "9307214"]
[EventDate "2020.07.07"]
[EventType "team"]

1. d4 Nf6 2. c4 g6 3. Nf3 Bg7 4. Nc3 d6 5. g3 O-O 6. Bg2 c6 7. O-O Nbd7 8. e4 e5
9. d5 cxd5 10. exd5 Nc5 11. Re1 Bf5 12. Be3 Nfd7 13. Nh4 a5 14. Nxf5 gxf5 15. f4
e4 16. Qh5 Qf6 17. Bh3 Qg6 18. Qxf5 Rfe8 19. Re2 Rad8 20. Nb5 Nb6 21. Rc1 Nba4
22. Bd4 Bxd4+ 23. Nxd4 Nd3 24. Qxg6+ hxg6 25. Rcc2 Naxb2 26. Rxb2 Nxb2 27. Rxb2
e3 28. Bf1 Re4 29. Nb5 Rde8 30. Be2 Rd8 31. Kg2 Re7 32. a4 Rc8 33. Nxd6 Rcc7 34.
Nb5 Rxc4 35. Bxc4 Rc7 36. Nxc7 1-0

[Event "Online Olym Div3 B 2020"]
[Site "chess.com INT"]
[Date "2020.07.09"]
[Round "7.4"]
[Board "4"]
[White "Rayan, Mohammad Ali Hassan"]
[Black "Hotami, Mutriba"]
[Result "0-1"]
[WhiteElo "1479"]
[BlackElo "1837"]
[WhiteTeam "United Arab Emirates"]
[BlackTeam "Tajikistan"]
[WhiteFideId "9306145"]
[BlackFideId "14700204"]
[EventDate "2020.07.07"]
[EventType "team"]

1. e4 c5 2. d3 d6 3. g3 Nc6 4. Bg2 g6 5. Nc3 Bg7 6. Nge2 Nf6 7. O-O O-O 8. h3
Bd7 9. Be3 a6 10. Qd2 Rc8 11. Bh6 b5 12. Bxg7 Kxg7 13. f4 Qb6 14. Kh2 Nd4 15.
Nd1 c4 16. dxc4 Nxe2 17. Qxe2 Rxc4 18. f5 Rfc8 19. c3 b4 20. Rc1 Bb5 21. Qe1 a5
22. e5 dxe5 23. Rf2 R4c5 24. Qe3 Qc7 25. Rd2 Ba6 26. Be4 Bb7 27. Bg2 Bxg2 28.
Kxg2 Qc6+ 29. Kh2 Qe4 30. Qxe4 Nxe4 31. Re2 gxf5 32. g4 e6 33. gxf5 exf5 34. Ne3
f4 35. Ng4 f5 36. Rg1 Kf8 37. Nh6 Ng3 0-1

[Event "Online Olym Div3 B 2020"]
[Site "chess.com INT"]
[Date "2020.07.09"]
[Round "7.4"]
[Board "5"]
[White "Sharifov, Mekhriddin"]
[Black "Ammar, Sedrani"]
[Result "1-0"]
[BlackTitle "FM"]
[WhiteElo "1922"]
[BlackElo "2274"]
[WhiteTeam "Tajikistan"]
[BlackTeam "United Arab Emirates"]
[WhiteFideId "14701545"]
[BlackFideId "9312331"]
[EventDate "2020.07.07"]
[EventType "team"]

1. e4 c6 2. d4 d5 3. Nc3 dxe4 4. Nxe4 Nf6 5. Nxf6+ exf6 6. Bc4 Qe7+ 7. Qe2 Be6
8. Bb3 Nd7 9. Nf3 Bxb3 10. Qxe7+ Bxe7 11. axb3 Bd6 12. O-O O-O 13. Re1 a6 14.
Bd2 Rfe8 15. c4 g6 16. Bc3 f5 17. Ne5 Bxe5 18. dxe5 Nc5 19. b4 Ne4 20. Rad1 Nxc3
21. bxc3 Rad8 22. f4 f6 23. exf6 Rxe1+ 24. Rxe1 Kf7 25. Re7+ Kxf6 26. Rxb7 Rd3
27. Rb6 Rxc3 28. Rxc6+ Kg7 29. h3 Rb3 30. Rb6 Rc3 31. c5 a5 32. bxa5 Rxc5 33. a6
Ra5 34. Rb7+ Kh6 35. a7 Ra2 36. Kf1 g5 37. fxg5+ Kxg5 38. Rxh7 Kf4 39. Kg1 Ke4
40. h4 Kf4 41. Rg7 Ke5 42. h5 Kf6 43. h6 Ra1+ 44. Kh2 f4 45. Rb7 1-0

[Event "Online Olym Div3 B 2020"]
[Site "chess.com INT"]
[Date "2020.07.09"]
[Round "7.4"]
[Board "6"]
[White "Khalil, Hanan"]
[Black "Abrorova, Sabrina"]
[Result "0-1"]
[WhiteElo "1377"]
[BlackElo "1788"]
[WhiteTeam "United Arab Emirates"]
[BlackTeam "Tajikistan"]
[WhiteFideId "9309950"]
[BlackFideId "14701553"]
[EventDate "2020.07.07"]
[EventType "team"]

1. e4 c5 2. Nc3 d6 3. g3 Nc6 4. Bg2 g6 5. d3 Bg7 6. Nge2 e6 7. O-O Nge7 8. Be3
Nd4 9. Qd2 O-O 10. Nd1 Rb8 11. c3 Nxe2+ 12. Qxe2 b5 13. Qd2 b4 14. Bh6 bxc3 15.
bxc3 Bxh6 16. Qxh6 Ba6 17. Qd2 d5 18. e5 Qc7 19. f4 Rb6 20. Rc1 Rfb8 21. Rc2 h5
22. Ne3 Qd7 23. g4 d4 24. Nd1 hxg4 25. Nf2 c4 26. Nxg4 Qd8 27. f5 Nxf5 28. Rxf5
exf5 29. Qh6 fxg4 30. dxc4 Rb1+ 31. Kf2 R8b2 32. Rxb2 Rxb2+ 33. Kg3 dxc3 34. Bd5
Rb6 35. Qf4 Qe7 36. Qxg4 Qxe5+ 37. Kh3 c2 38. Qg1 Qh5+ 39. Kg2 Qg5+ 40. Kf2
Qxg1+ 41. Kxg1 c1=Q+ 42. Kf2 Rb2+ 43. Kg3 Bxc4 44. Bxc4 Qxc4 45. Kh3 Rxa2 46.
Kg3 Ra3+ 47. Kf2 Qc2+ 48. Kg1 Ra1# 0-1

[Event "Online Olym Div3 B 2020"]
[Site "chess.com INT"]
[Date "2020.07.09"]
[Round "8.1"]
[Board "1"]
[White "Greet, Andrew N"]
[Black "Omar, Noaman"]
[Result "1-0"]
[WhiteTitle "IM"]
[BlackTitle "IM"]
[WhiteElo "2417"]
[BlackElo "2367"]
[WhiteTeam "Scotland"]
[BlackTeam "United Arab Emirates"]
[WhiteFideId "405817"]
[BlackFideId "9300244"]
[EventDate "2020.07.07"]
[EventType "team"]

1. e4 c6 2. d4 d5 3. e5 Bf5 4. h4 h5 5. Bd3 Bxd3 6. Qxd3 e6 7. Bg5 Be7 8. Nf3
Nh6 9. Nbd2 Nf5 10. Nf1 Qb6 11. Ng3 Nxg3 12. fxg3 Qa6 13. Qd2 f6 14. Bf4 Nd7 15.
Qe3 O-O-O 16. Rf1 Qc4 17. c3 Rhe8 18. b3 Qa6 19. a4 c5 20. Rc1 c4 21. bxc4 dxc4
22. Kf2 Nb6 23. Qe2 Nxa4 24. Nd2 fxe5 25. Bxe5 Rf8+ 26. Kg1 Rxf1+ 27. Qxf1 Bf6
28. Bxf6 Rf8 29. Qe2 gxf6 30. Qxh5 Qd6 31. Ne4 Qa3 32. Qh6 f5 33. Rf1 Qe7 34.
Rf3 Rg8 35. Ng5 Re8 36. Re3 Qd6 37. Qg6 Re7 38. Nxe6 Kd7 39. Nf8+ Kc7 40. Rxe7+
Qxe7 41. Ne6+ Kd7 42. Nf4 Nxc3 43. Qxf5+ Kc7 44. Qa5+ Kd6 45. Qxc3 Qc7 46. Qb4+
Kd7 47. Nd5 Qxg3 48. Qxb7+ Kd6 49. Qb8+ Kxd5 50. Qxg3 1-0

[Event "Online Olym Div3 B 2020"]
[Site "chess.com INT"]
[Date "2020.07.09"]
[Round "8.1"]
[Board "2"]
[White "Sultan, Ibrahim"]
[Black "Gourlay, Iain"]
[Result "0-1"]
[WhiteTitle "IM"]
[BlackTitle "FM"]
[WhiteElo "2076"]
[BlackElo "2342"]
[WhiteTeam "United Arab Emirates"]
[BlackTeam "Scotland"]
[WhiteFideId "9301143"]
[BlackFideId "2401533"]
[EventDate "2020.07.07"]
[EventType "team"]

1. d4 d5 2. c4 c6 3. cxd5 cxd5 4. Nc3 Nf6 5. Bf4 Nc6 6. e3 Bg4 7. Qb3 Na5 8.
Bb5+ Bd7 9. Qa4 e6 10. Bxd7+ Nxd7 11. Nb5 Rc8 12. Nf3 Rc4 13. Qd1 Qb6 14. Na3
Bb4+ 15. Nd2 Rc6 16. O-O O-O 17. Rb1 Rfc8 18. Nb3 Nc4 19. Nc2 Be7 20. Qd3 a5 21.
a4 h6 22. h3 Bf8 23. Rfc1 Nf6 24. Kh2 Ne4 25. f3 Nf6 26. Bg3 Nh5 27. Be1 Bd6+
28. Kh1 Ng3+ 29. Kg1 Nf5 30. e4 dxe4 31. fxe4 Ne7 32. Bc3 e5 33. Kh1 Qxb3 34. d5
R6c7 35. Rf1 Ng6 36. g3 Rd8 37. Qf3 Bb4 38. Na1 Qxa4 39. b3 Qa3 40. Bxb4 Qxb4
41. bxc4 Qxc4 42. Nb3 a4 43. Nd2 Qc3 44. Qxc3 Rxc3 45. Rxb7 f6 46. Kg2 Rc2 47.
Rf2 Ra8 48. Nb1 Rxf2+ 49. Kxf2 a3 50. Nxa3 Rxa3 51. d6 Rd3 52. Rb6 Nf8 53. Ke2
Rd4 54. Ke3 Ne6 55. Rb8+ Kf7 56. Rb7+ Kg6 57. Rd7 Nc5 58. Rc7 Nxe4 59. d7 Ng5
60. h4 Ne6 61. Ra7 Nc5 62. g4 Nxd7 63. Kf3 Nc5 64. h5+ Kh7 65. Rc7 Rf4+ 66. Kg3
Ne6 67. Re7 Ng5 68. Kh4 Ne4 69. Rb7 Nf2 70. Rxg7+ Kxg7 71. Kg3 Rxg4+ 72. Kh2 Ne4
73. Kh3 f5 0-1

[Event "Online Olym Div3 B 2020"]
[Site "chess.com INT"]
[Date "2020.07.09"]
[Round "8.1"]
[Board "3"]
[White "Cooke, Suzie G."]
[Black "Almaini, Aishah Sarhan"]
[Result "1-0"]
[WhiteTitle "WFM"]
[WhiteElo "1915"]
[BlackElo "1607"]
[WhiteTeam "Scotland"]
[BlackTeam "United Arab Emirates"]
[WhiteFideId "414930"]
[BlackFideId "9307214"]
[EventDate "2020.07.07"]
[EventType "team"]

1. d4 Nf6 2. Bf4 g6 3. Nc3 Bg7 4. e4 d6 5. Qd2 c6 6. O-O-O Nbd7 7. Be2 O-O 8.
Bh6 e5 9. Bxg7 Kxg7 10. dxe5 dxe5 11. h4 Qe7 12. h5 b5 13. hxg6 fxg6 14. Qh6+
Kg8 15. Qh4 Nb6 16. Nf3 a5 17. Qg3 b4 18. Nxe5 bxc3 19. Qxc3 Qg7 20. Qb3+ Nfd5
21. exd5 Qxe5 22. dxc6+ Be6 23. Qxb6 Qxe2 24. c7 Qxf2 25. Qxe6+ Qf7 26. Qd7 Qxd7
27. Rxd7 Rf7 28. Rd8+ Rf8 29. Rhd1 Kg7 30. Rxa8 Rxa8 31. Rd8 1-0

[Event "Online Olym Div3 B 2020"]
[Site "chess.com INT"]
[Date "2020.07.09"]
[Round "8.1"]
[Board "4"]
[White "Mariam, Essa"]
[Black "Roy, Ali"]
[Result "0-1"]
[WhiteElo "1561"]
[BlackElo "1878"]
[WhiteTeam "United Arab Emirates"]
[BlackTeam "Scotland"]
[WhiteFideId "9306480"]
[BlackFideId "2400456"]
[EventDate "2020.07.07"]
[EventType "team"]

1. e4 e6 2. d4 d5 3. Nc3 Bb4 4. e5 Ne7 5. Bd3 c5 6. Bb5+ Bd7 7. Bxd7+ Nxd7 8.
Ne2 Qc7 9. Bd2 cxd4 10. Nb5 Bxd2+ 11. Qxd2 Qxe5 12. O-O O-O 13. Nbxd4 Nc5 14.
Rae1 Nf5 15. c3 Ne4 16. Qc2 Rac8 17. Qd3 Rc5 18. f3 Ned6 19. Ng3 Qf6 20. Ngxf5
exf5 21. Re2 f4 22. Rfe1 Rcc8 23. Re7 a6 24. R7e5 Nc4 25. Rf5 Qd6 26. Ree5 Ne3
27. Ne2 Nxf5 28. Qxf5 Qb6+ 29. Kf1 Qxb2 30. Rxd5 Rfe8 31. Re5 Qb6 32. Qd7 Qd8
33. Rxe8+ Qxe8 34. Qxb7 Rb8 35. Qxa6 Rb1+ 36. Kf2 Qe3# 0-1

[Event "Online Olym Div3 B 2020"]
[Site "chess.com INT"]
[Date "2020.07.09"]
[Round "8.1"]
[Board "5"]
[White "Abdulla, Murad"]
[Black "Ammar, Sedrani"]
[Result "0-1"]
[WhiteTitle "FM"]
[BlackTitle "FM"]
[WhiteElo "2287"]
[BlackElo "2274"]
[WhiteTeam "Scotland"]
[BlackTeam "United Arab Emirates"]
[WhiteFideId "2403757"]
[BlackFideId "9312331"]
[EventDate "2020.07.07"]
[EventType "team"]

1. e4 c6 2. Nf3 d5 3. Nc3 dxe4 4. Nxe4 Nf6 5. Qe2 Nxe4 6. Qxe4 Qd5 7. Qh4 Qe6+
8. Be2 Qg4 9. Qg3 h5 10. b3 h4 11. Qxg4 Bxg4 12. h3 Bxf3 13. Bxf3 Nd7 14. Bb2 e6
15. O-O-O Nf6 16. Rhe1 O-O-O 17. d4 Bb4 18. c3 Bd6 19. Kc2 Rd7 20. c4 Rhd8 21.
Bc3 Kc7 22. a4 c5 23. d5 exd5 24. Bxd5 b6 25. a5 Bf4 26. Bf3 Rxd1 27. Bxd1 Re8
28. Rf1 Be5 29. Bxe5+ Rxe5 30. axb6+ axb6 31. Bf3 Ne4 32. Ra1 Kd6 33. Ra7 Ng5
34. Bd1 Rf5 35. f3 Ne6 36. Kd2 Rg5 37. Ke3 Rxg2 38. Rb7 Kc6 39. Rxf7 Rg3 40. Kf2
Rxh3 41. Bc2 Rh2+ 42. Ke3 Rxc2 43. Rf5 Nd4 44. Rh5 Rh2 45. b4 Rh3 46. b5+ Kd6
47. Ke4 Nxf3 48. Rh8 Ng5+ 49. Kf5 Ne6 50. Rb8 Rf3+ 51. Kg4 Rf4+ 52. Kh5 Kc7 53.
Re8 Kd7 54. Rb8 h3 55. Rxb6 h2 56. Rb7+ Kd6 57. Rb6+ Ke5 58. Kg6 Rf6+ 59. Kh7
h1=Q+ 60. Kg8 Rf8# 0-1

[Event "Online Olym Div3 B 2020"]
[Site "chess.com INT"]
[Date "2020.07.09"]
[Round "8.1"]
[Board "6"]
[White "Fatima, Saif Al-Ali"]
[Black "Espinosa Cancino, Monica"]
[Result "1-0"]
[WhiteTitle "WCM"]
[WhiteElo "1354"]
[BlackElo "1666"]
[WhiteTeam "United Arab Emirates"]
[BlackTeam "Scotland"]
[WhiteFideId "9312420"]
[BlackFideId "22253025"]
[EventDate "2020.07.07"]
[EventType "team"]

1. e4 c5 2. Nf3 d6 3. d4 cxd4 4. Nxd4 Nf6 5. Nc3 a6 6. f3 e6 7. Be3 Be7 8. Qd2
O-O 9. O-O-O Nbd7 10. g4 Ne5 11. h4 b5 12. h5 Bd7 13. g5 Ne8 14. g6 b4 15. gxh7+
Kxh7 16. Nb1 Nc6 17. Nxc6 Bxc6 18. Qxb4 Rb8 19. Qd2 Bf6 20. Nc3 d5 21. Bd4 e5
22. Bc5 d4 23. Ne2 Rg8 24. Bh3 Bg5 25. Bf5+ Kh8 26. f4 exf4 27. Nxf4 Bh6 28.
Bxd4 Qc7 29. Ng6+ fxg6 30. Qxh6# 1-0

[Event "Online Olym Div3 B 2020"]
[Site "chess.com INT"]
[Date "2020.07.09"]
[Round "8.2"]
[Board "1"]
[White "Silva, David"]
[Black "Khusenkhojaev, Muhammad"]
[Result "0-1"]
[WhiteTitle "IM"]
[BlackTitle "IM"]
[WhiteElo "2258"]
[BlackElo "2399"]
[WhiteTeam "Angola"]
[BlackTeam "Tajikistan"]
[WhiteFideId "10101314"]
[BlackFideId "14700247"]
[EventDate "2020.07.07"]
[EventType "team"]

1. e4 e5 2. Nf3 Nc6 3. Bc4 Bc5 4. c3 Nf6 5. d3 a6 6. a4 h6 7. O-O O-O 8. Nbd2 d6
9. Re1 Ba7 10. Nf1 Re8 11. a5 Be6 12. Bxe6 Rxe6 13. Be3 d5 14. Bxa7 Rxa7 15. Qb3
d4 16. cxd4 Nxd4 17. Nxd4 Qxd4 18. Rac1 c6 19. Ne3 Qd7 20. Nf5 Ra8 21. Rc5 Rd8
22. Re3 Kh7 23. Qc3 g6 24. Ng3 Qe7 25. h3 Ne8 26. Ne2 Nc7 27. b4 Nb5 28. Qb2 Qd6
29. h4 h5 30. f4 exf4 31. e5 Qe7 32. Nxf4 Red6 33. Re4 Rd4 34. Rxd4 Nxd4 35. Qf2
Ne6 36. Nxe6 Qxe6 37. d4 Kg8 38. Kh2 Qg4 39. Rc4 Rd5 40. Qf6 Qd7 41. Qf4 Qe7 42.
Rc5 Rd8 43. Rc4 Qd7 44. Qf6 Re8 45. Qf4 Qe7 46. Rc5 Rd8 47. Rc4 Rd7 48. Kg3 Qe6
49. Rc3 Qd5 50. Rd3 Qc4 51. Qe4 Re7 52. Kf4 Qxb4 53. d5 Qxe4+ 54. Kxe4 cxd5+ 55.
Rxd5 Rc7 56. Rd8+ Kg7 57. Rb8 Rc4+ 58. Kd5 Ra4 59. Rxb7 Rxa5+ 60. Kd6 Rb5 61.
Ra7 Rb2 62. g3 Rb3 0-1

[Event "Online Olym Div3 B 2020"]
[Site "chess.com INT"]
[Date "2020.07.09"]
[Round "8.2"]
[Board "2"]
[White "Karimov, Alisher"]
[Black "Alberto, Manuel"]
[Result "1-0"]
[WhiteTitle "FM"]
[BlackTitle "FM"]
[WhiteElo "2222"]
[BlackElo "2167"]
[WhiteTeam "Tajikistan"]
[BlackTeam "Angola"]
[WhiteFideId "14700280"]
[BlackFideId "10100148"]
[EventDate "2020.07.07"]
[EventType "team"]

1. d4 Nf6 2. c4 c5 3. Nf3 g6 4. Nc3 Bg7 5. g3 O-O 6. Bg2 Nc6 7. O-O Qb6 8. d5
Na5 9. b3 Ne4 10. Nxe4 Bxa1 11. Bg5 Bf6 12. Bxf6 exf6 13. Qa1 Kg7 14. d6 Qd8 15.
g4 Re8 16. Ne1 Nc6 17. g5 Nd4 18. e3 Rxe4 19. Bxe4 Ne6 20. f4 h6 21. Nf3 Rb8 22.
h4 b5 23. Nh2 Kh7 24. Ng4 f5 25. Nf6+ Kh8 26. Bd5 bxc4 27. Bxe6 dxe6 28. d7 Bb7
29. Ne8+ f6 30. gxf6 Qxd7 31. f7+ Kh7 32. Qg7# 1-0

[Event "Online Olym Div3 B 2020"]
[Site "chess.com INT"]
[Date "2020.07.09"]
[Round "8.2"]
[Board "3"]
[White "Caxita, Esperanca"]
[Black "Antonova, Nadezhda"]
[Result "0-1"]
[WhiteTitle "WIM"]
[BlackTitle "WFM"]
[WhiteElo "1882"]
[BlackElo "1877"]
[WhiteTeam "Angola"]
[BlackTeam "Tajikistan"]
[WhiteFideId "10100903"]
[BlackFideId "14700182"]
[EventDate "2020.07.07"]
[EventType "team"]

1. e4 c5 2. Nc3 Nc6 3. Nf3 e5 4. Bc4 Be7 5. d3 Nf6 6. O-O O-O 7. a3 d6 8. h3 h6
9. Ne2 d5 10. exd5 Nxd5 11. Bb5 Nd4 12. Nexd4 exd4 13. Re1 Bd6 14. Bc4 Nf4 15.
Bxf4 Bxf4 16. Qe2 Bf5 17. Qe7 Qb6 18. b3 Bd6 19. Qh4 Rae8 20. Rad1 Bc7 21. Qh5
Qg6 22. Qxg6 Bxg6 23. Kf1 Ba5 24. Rxe8 Rxe8 25. Bd5 Re7 26. Nd2 Kf8 27. Ne4 b6
28. Nd2 f5 29. a4 Bh5 30. Nf3 Bf7 31. Bxf7 Kxf7 32. Nd2 Kf6 33. f3 Bxd2 34. Rxd2
f4 35. Kf2 g5 36. Rd1 a5 37. Rh1 Kf5 38. Rg1 h5 39. Rh1 Re3 40. Rh2 h4 41. Rh1
Ke5 42. Rc1 Kd5 43. Rd1 Kc6 44. Ra1 Re5 45. Rc1 b5 46. Ra1 Re7 47. Kf1 Rb7 48.
Ke2 Re7+ 49. Kd2 Kb6 50. Ra2 Re3 51. Ra1 Re5 52. Ra2 c4 53. dxc4 bxc4 54. Ra1
c3+ 55. Kd1 Kc5 56. Rc1 Re3 57. Rb1 Kb4 58. Ra1 d3 59. cxd3 Rxd3+ 60. Kc1 Rd2
61. Rb1 Rxg2 0-1

[Event "Online Olym Div3 B 2020"]
[Site "chess.com INT"]
[Date "2020.07.09"]
[Round "8.2"]
[Board "4"]
[White "Hotami, Mutriba"]
[Black "Junior, Ednasia"]
[Result "1/2-1/2"]
[BlackTitle "WFM"]
[WhiteElo "1837"]
[BlackElo "1808"]
[WhiteTeam "Tajikistan"]
[BlackTeam "Angola"]
[WhiteFideId "14700204"]
[BlackFideId "10105980"]
[EventDate "2020.07.07"]
[EventType "team"]

1. e4 c5 2. Nc3 Nc6 3. d3 g6 4. Be3 d6 5. d4 cxd4 6. Bxd4 Nf6 7. Bxf6 exf6 8.
Nf3 a6 9. Qd2 Be6 10. Nd4 Qb6 11. Nb3 Ne5 12. Be2 Nc4 13. Bxc4 Bxc4 14. Nd5 Bxd5
15. exd5 Be7 16. O-O O-O 17. Rfe1 Rfe8 18. Re4 f5 19. Re2 Bf6 20. c3 Qb5 21.
Rae1 Rxe2 22. Rxe2 Bg5 23. Nd4 Bxd2 24. Nxb5 axb5 25. Rxd2 Rxa2 26. Kf1 Ra4 27.
Ke2 Re4+ 28. Kd3 Kf8 29. b3 Ke7 30. Ra2 Re5 31. c4 bxc4+ 32. bxc4 Kd7 33. Ra8
Kc7 34. Kd4 Re2 35. Rf8 Rxf2 36. Rxf7+ Kb6 37. Rd7 Rd2+ 38. Kc3 Rxg2 39. Rxd6+
Kc7 40. c5 Rxh2 41. Rf6 Rh1 42. Rf7+ Kc8 43. d6 Rc1+ 44. Kd4 Rd1+ 45. Ke5 h5 46.
Kf6 h4 47. Ke6 Re1+ 48. Kf6 h3 49. Rh7 Rc1 50. Ke7 Re1+ 51. Kf6 Rc1 52. Ke6 Re1+
53. Kf6 1/2-1/2

[Event "Online Olym Div3 B 2020"]
[Site "chess.com INT"]
[Date "2020.07.09"]
[Round "8.2"]
[Board "5"]
[White "Junior, Domingos"]
[Black "Sharifov, Mekhriddin"]
[Result "1/2-1/2"]
[WhiteTitle "FM"]
[WhiteElo "1894"]
[BlackElo "1922"]
[WhiteTeam "Angola"]
[BlackTeam "Tajikistan"]
[WhiteFideId "10105972"]
[BlackFideId "14701545"]
[EventDate "2020.07.07"]
[EventType "team"]

1. e4 c5 2. Nf3 d6 3. d4 cxd4 4. Nxd4 Nf6 5. Nc3 e6 6. Be3 a6 7. Be2 Be7 8. Qd2
Nc6 9. f3 Qc7 10. O-O O-O 11. a4 Na5 12. Nb3 b6 13. Rfd1 Rb8 14. Rac1 Rd8 15.
Nd4 Nc4 16. Bxc4 Qxc4 17. b3 Qc7 18. Nce2 e5 19. Nf5 Bxf5 20. exf5 d5 21. c3 b5
22. a5 Bc5 23. b4 Bxe3+ 24. Qxe3 Re8 25. h3 h5 26. Qg5 Qc4 27. Ng3 Qf4 28. Qxf4
exf4 29. Nf1 Re5 30. Nd2 Rxf5 31. Nb3 Nd7 32. Re1 Kf8 33. Nd4 Re5 34. Rxe5 Nxe5
35. Re1 Nd7 36. Nf5 g6 37. Nd4 Rc8 38. Rc1 Ne5 39. Ne2 g5 40. Rd1 Rd8 41. Nd4
Rd7 42. Nb3 Nc4 43. Nc5 Rd6 44. Nb7 Rd7 45. Nc5 Rd6 46. Nb7 Rd7 47. Nc5 1/2-1/2

[Event "Online Olym Div3 B 2020"]
[Site "chess.com INT"]
[Date "2020.07.09"]
[Round "8.2"]
[Board "6"]
[White "Abrorova, Sabrina"]
[Black "Antonio, Renelsa Taiane"]
[Result "1-0"]
[WhiteElo "1788"]
[BlackElo "1292"]
[WhiteTeam "Tajikistan"]
[BlackTeam "Angola"]
[WhiteFideId "14701553"]
[BlackFideId "10107860"]
[EventDate "2020.07.07"]
[EventType "team"]

1. d4 d5 2. c4 e6 3. Nf3 Nf6 4. Bg5 Be7 5. e3 h6 6. Bh4 Nc6 7. Nc3 b6 8. cxd5
Nxd5 9. Bb5 Bd7 10. Nxd5 exd5 11. Qa4 Nb8 12. Bxe7 Qxe7 13. Ne5 a6 14. Bxd7+
Nxd7 15. Qc6 Rc8 16. O-O Qe6 17. Rac1 Qxc6 18. Nxc6 Ra8 19. Nb4 c5 20. Nxd5 O-O
21. dxc5 bxc5 22. Rfd1 Ra7 23. f3 Re8 24. Kf2 Rb7 25. b3 a5 26. Nc3 Ne5 27. Ne4
c4 28. Nd6 Rbb8 29. Nxe8 Rxe8 30. bxc4 Rc8 31. c5 Kf8 32. Rd5 f6 33. f4 Ng4+ 34.
Kf3 h5 35. h3 Nh6 36. c6 Ke7 37. Rd7+ Ke6 38. Rxg7 Nf5 39. Ra7 Nh4+ 40. Kf2 Nf5
41. Rxa5 Ng7 42. Ra7 Ne8 43. a4 Kd6 44. Rd7+ Ke6 45. a5 Rxc6 46. Rxc6+ Kxd7 47.
Rc3 Nd6 48. a6 Ne4+ 49. Kf3 Nxc3 50. a7 1-0